| 000 | 00927cam a2200289Ja 4500 | ||
|---|---|---|---|
| 999 |
_c3563 _d3563 |
||
| 001 | 214563 | ||
| 003 | GBCCL | ||
| 005 | 20241126110457.0 | ||
| 008 | 930305s1993 tnu 000 0 eng | ||
| 010 | _a 93000888 | ||
| 020 | _a0917143140 | ||
| 020 | _a9780917143144 | ||
| 035 | _a(OCoLC)ocm27812838 | ||
| 035 | _a(OCoLC)27812838 | ||
| 040 |
_aDLC _cDLC _dBAKER _dBTCTA _dOCLCG _dOCLCA _dOCLCQ _dLBB |
||
| 049 | _aLBBK | ||
| 050 | 1 | 0 |
_aBV4501.2 _b.G74515 1993 |
| 082 | 0 | 0 |
_a248.4 _220 _bGRE |
| 090 |
_aBV4501.2 _b.G74515 1993 |
||
| 100 | 1 |
_aGreen, Keith, _d1953-1982. _97119 |
|
| 245 | 1 | 2 |
_aA cry in the wilderness : _btwelve bold messages about uncompromising faith / _cKeith Green ; introduction by Melody Green Sievright. |
| 260 |
_aNashville, Tenn. : _bSparrow Press, _c1993. |
||
| 300 |
_a250 p. ; _c21 cm. |
||
| 520 | _aChristian Library of Lancaster Collection. | ||
| 650 | 0 |
_aChristian life. _9183 |
|
| 942 |
_2ddc _cBK |
||